000 00888pam a2200289 i 4500
001 13999
003 BD-RjUL
005 20211208235543.0
008 140203r20001979ii a b 001 0 eng
020 _a8120304179
035 _a(BD-RjUL)14051
040 _aDLC
_cDLC
_dBD-RjUL
_beng
041 _aeng
082 0 0 _a621.38153
_bMAD 2000
100 1 _aMano, M. Morris,
_d1927-
_918925
245 1 0 _aDigital logic and computer design /
_cM. Morris Mano.
260 _aNew Delhi :
_bPrentice-Hall,
_cc1979 [Printing 2000].
300 _axii, 612 p. :
_bill. ;
_c25 cm.
504 _aIncludes bibliographical references and index.
650 0 _aElectronic digital computers.
_943762
650 0 _aLogic circuits.
_941751
650 0 _aDigital integrated circuits.
_943763
650 0 _aLogic design.
_920243
942 _2ddc
_cBK
_03
999 _c13999
_d13999